000 01544nam a2200361 c 4500
999 _c122496
_d122496
003 BLK
005 20220426170104.0
008 180409b bul|||||r ||||||| ||bul||
010 _aKNG00128137000
040 _aBLK
041 _aBUL
_cBUL
072 7 _2bullib
_aК
_xКраезнание
080 _aНационалноосвободителното движение в България (1856-1877)
_b94(497.2)"1856/1877"
_x(0:82-3)
_z94(497.2)"1856/1877"(0:82-3)
080 _aБългарска литература
_b821.163.2
_x-32
_z821.163.2-32
100 1 _aАнтонов, Николай Йорданов
_eпърви автор
_9363434
139 _aАнтонов, Николай Йорданов
_bА 75
245 1 0 _aСтраници, прочетени докрай
_bДок. повествования
_cНиколай Йорданов Антонов.
257 _aBGR
260 _bОФ
_c1982
_aСофия
300 _a220 с.
_c20 см
380 _a9
500 _a13 000 тир.
650 4 _aНационалноосвободително движение - България - история
_9283316
651 4 _aБългария
_9241624
653 _aнационалноосвободителни движения
653 _aбългарска история
659 _aК
852 _aЦб 117099
_bЦб
852 _aК 94(497.2)"1856/1877"/А 75
856 4 _qpdf
856 4 _qpdf
942 _cKNG
_n0
_s1
944 _aCR
_c01.03.2012
_l01.03.2012 - от С1,Р / 01.03.2012
_kНаталия_Медовщикова
944 _aED
_c01.03.2012
_l01.03.2012 - от С1,Р / 01.03.2012
999 _d122496
999 _d122496